=LDR 00000nam 2200000 4500 =001 INLIS000000000004672 =005 20250826012031 =035 ##$$a 0010-0825000101 =007 ta =008 250826###########################0#ind## =020 ##$$a - =082 ##$$a 15-304.66072 =084 ##$$a 15-304.66072 INS p =245 1#$$a Penelitian Kadar Sikap Beberapa Lapisan Sosial Terhadap Permasalahan Keluarga Berencana (KB) Sumatera Utara : $b - /$c Institute keguruan dan Ilmu Pendidikan Medan =250 ##$$a pertama =260 ##$$a Medan :$b Institute keguruan dan Ilmu Pendidikan Medan,$c 1980 =300 ##$$a 16 halaman : $b - ; $c 21 cm$e - =650 #4$$a Program KB =110 #$$a Institute keguruan dan Ilmu Pendidikan Medan =856 ##$$a Perpustakaan BKKBN